000 00538nam a2200193Ia 4500
005 20250923144842.0
008 008 250917s9999 xx 000 0 eng d
037 _aTextual
040 _aDSWL
_beng
_cDSWL
041 _aeng
_2eng
084 _aX8(A).2'N16t, N18
_qDSWL
245 0 _aIndian Industrial commission 1916-1918
260 _aLondon
_bSuperitendentGovt. Ptg. P
_c1919
300 _ax,355,xviiip.
365 _aINR
_b18
925 _g18
942 _cTEXL
_hX8(A).2'N16t, N18
999 _c1444173
_d1444173